000 01231nam a2200337 c 4500
003 BLK
005 20180420222714.0
008 180408b bul|||||r ||||||| ||bul||
010 _aKNG00061680000
040 _aBLK
041 _aBUL
_cBUL
080 _aТълкуване на сънища. Съновници
_b398.7
_x
_z398.7
080 _aСън. Сънища. Бодърствуване. Сомнамбулизъм
_b159.963
_x
_z159.963
700 1 _aПирова, Валентина
_eсъстав.
_9287781
700 1 _aДенев, Димо
_eхудож.
_9287782
139 _aСъновник
_bС 97
245 1 0 _aСъновник
_bСб.-азбучник
_cсъстав. Валентина Пирова; худож. Димо Денев.
257 _aBGR
260 София
_bСофита-прес
_c1990
_fСофия : ДП Г. Димитров
300 _a96 с.
_c17 см
380 _a3
500 _a80 100 тир.
650 4 _aСънища - тълкуване
_9241617
653 _aсъновници
653 _aсънища
852 _aЦб І 24943
856 4 _qpdf
_u
856 4 _qpdf
_u
942 _cKNG
_n0
944 _aCR
_c13.06.2004
_lф /
_kКети_Илиева
944 _aED
_c18.11.2015
_lф /
_kНора_Радева
999 _c57673
_d57673